MEDIA COMPOSER 6.PART 2- EFFECTS ESSENTIALS. (Record no. 217068)

MARC details
000 -LEADER
fixed length control field 00508nam a22001697a 4500
008 - FIXED-LENGTH DATA ELEMENTS--GENERAL INFORMATION
fixed length control field 260429b |||||||| |||| 00| 0 eng d
020 ## - INTERNATIONAL STANDARD BOOK NUMBER
International Standard Book Number 978-1-133-78888-1
050 ## - LIBRARY OF CONGRESS CALL NUMBER
Classification number TR 899 .S73 2013
100 ## - MAIN ENTRY--PERSONAL NAME
Personal name STATEN, GREG.
245 ## - TITLE STATEMENT
Title MEDIA COMPOSER 6.PART 2- EFFECTS ESSENTIALS.
260 ## - PUBLICATION, DISTRIBUTION, ETC.
Place of publication, distribution, etc. AUSTRALIA,
Name of publisher, distributor, etc. CENGAGE LEARNING,
Date of publication, distribution, etc. 2013.
300 ## - PHYSICAL DESCRIPTION
Extent XVI, 283 P
500 ## - GENERAL NOTE
General note INCLUDES INDEX.
650 ## - SUBJECT ADDED ENTRY
Topical term or geographic name entry element 1. MEDIA COMPOSER.- VIDEOTAPES- EDITING- DATA PROCESSING.
942 ## - ADDED ENTRY ELEMENTS (KOHA)
Source of classification or shelving scheme Library of Congress Classification
Koha item type Long Loan Book
Holdings
Withdrawn status Lost status Source of classification or shelving scheme Damaged status Not for loan Collection Home library Current library Shelving location Date acquired Inventory number Total checkouts Full call number Barcode Date last seen Copy number Price effective from Koha item type
    Library of Congress Classification     Science & Technology Kisii University Library Kisii University Library On Display 04/29/2026 113275   TR 899 .S73 2013 A001448 04/29/2026 1 04/29/2026 Long Loan Book